000 00804nab a2200241u 4500
001 23088
003 HDC
007 c| |||a|c|aaaa
008 210315b20180606my ||||| |||| 00| 0 may d
040 _aHDC
100 _aMohd Zaky Zainuddin /
_eauthor
_97645
245 0 _aPrestasi eksport cemerlang /
_cMohd Zaky Zainuddin
336 _atext
_2rdacontent
337 _acomputer
_2rdamedia
338 _aonline resource
_2rdacarrier
650 _aMalaysia export
_94754
650 _aMinistry of International Trade and Industry
_919776
710 _aBERITA HARIAN
856 _zRequest full-text at [email protected]
942 _2lcc
942 _cNEWS
942 _kNWSC 005071
999 _c20404
_d20404